[Event "International Championship of Central S"]
[Site "Paracin"]
[Date "2012.07.12"]
[Round "8.1"]
[White "Atalik, Suat"]
[Black "Kovacevic, Aleksandar"]
[Result "1/2-1/2"]
[WhiteElo "2599"]
[BlackElo "2537"]
[PlyCount "79"]
[EventDate "2012.??.??"]

1. Nf3 c5 2. c4 Nc6 3. d4 cxd4 4. Nxd4 g6 5. e4 Nf6 6. Nc3 d6 7. Be2 Nxd4 8.
Qxd4 Bg7 9. Bg5 O-O 10. Qd2 a5 11. Rc1 a4 12. f3 Bd7 13. Rc2 Re8 14. O-O Bc6
15. Rb1 Nd7 16. b4 axb3 17. axb3 Qb6+ 18. Be3 Qb4 19. Nd5 Qxd2 20. Bxd2 Bd4+
21. Kf1 Ra7 22. b4 b6 23. Bc3 Bxc3 24. Nxc3 Rea8 25. Ke1 f5 26. exf5 gxf5 27.
Bd3 e6 28. Be2 Ra1 29. Rxa1 Rxa1+ 30. Kf2 Ra3 31. Nd1 Kf7 32. Rb2 f4 33. Rd2
Ke7 34. g3 Ra4 35. b5 fxg3+ 36. hxg3 Bb7 37. Ne3 Nf6 38. g4 Ra8 39. g5 Nd7 40.
Rd4 1/2-1/2

[Event "International Championship of Central S"]
[Site "Paracin"]
[Date "2012.07.12"]
[Round "8.3"]
[White "Bogdanovski, Vlatko"]
[Black "Gleizerov, Evgeny"]
[Result "0-1"]
[WhiteElo "2454"]
[BlackElo "2565"]
[PlyCount "90"]
[EventDate "2012.??.??"]

1. d4 e6 2. g3 f5 3. Bg2 Nf6 4. c4 d5 5. Nh3 c6 6. O-O Bd6 7. Bf4 O-O 8. Nd2
Be7 9. Qc2 Na6 10. a3 h6 11. Nb3 g5 12. Bd2 Bd7 13. f3 c5 14. Nxc5 Nxc5 15.
dxc5 Bxc5+ 16. Kh1 dxc4 17. Qxc4 Rc8 18. e4 Be3 19. Qe2 Bxd2 20. Qxd2 Bb5 21.
Rfd1 Ba4 22. Qxd8 Rfxd8 23. Rxd8+ Rxd8 24. exf5 exf5 25. f4 g4 26. Nf2 Rd2 27.
Kg1 Rxb2 28. Nd3 Rd2 29. Nc5 Bc6 30. Bxc6 bxc6 31. Re1 Kf7 32. Re6 Ra2 33. Rxc6
Rxa3 34. Rc7+ Kg6 35. Ne6 Nd5 36. Rc6 Ra1+ 37. Kf2 Ra2+ 38. Ke1 Ne7 39. Rd6 a5
40. Nd4+ Kf7 41. Rxh6 a4 42. Ra6 Nd5 43. Ra7+ Ke8 44. Ne2 a3 45. Nc1 Rc2 0-1

[Event "International Championship of Central S"]
[Site "Paracin"]
[Date "2012.07.12"]
[Round "8.4"]
[White "Damljanovic, Branko"]
[Black "Maksimovic, Branimir"]
[Result "1/2-1/2"]
[WhiteElo "2564"]
[BlackElo "2452"]
[PlyCount "126"]
[EventDate "2012.??.??"]

1. c4 e6 2. Nf3 Nf6 3. g3 b6 4. Bg2 Bb7 5. O-O c5 6. Nc3 a6 7. Re1 Be7 8. e4 d6
9. d4 cxd4 10. Nxd4 Qc7 11. Be3 Nbd7 12. Rc1 O-O 13. f4 Rac8 14. f5 e5 15. Nb3
Qb8 16. Qe2 Qa8 17. Bf2 b5 18. Na5 bxc4 19. Red1 Qb8 20. Nxc4 Ng4 21. Qxg4 Rxc4
22. b3 Rcc8 23. Qe2 Nf6 24. g4 h6 25. h4 Nh7 26. Bf3 Rc7 27. Nd5 Bxd5 28. exd5
Rxc1 29. Rxc1 Qd8 30. Qe1 Re8 31. Rc4 Qd7 32. Qa5 Nf6 33. Qxa6 e4 34. Be2 e3
35. Bg3 Nxd5 36. Bf3 Qd8 37. Bxd5 Bxh4 38. Qb7 Rf8 39. Kg2 Qf6 40. Rc2 h5 41.
Bc4 Bxg3 42. Kxg3 Qe5+ 43. Kg2 Qd4 44. Qf3 hxg4 45. Qd5 Qf4 46. Re2 Kh7 47. Kg1
Kh6 48. Rg2 g6 49. f6 Qxf6 50. Qe4 Qa1+ 51. Bf1 Qe5 52. Qxg4 Kg7 53. Qf3 d5 54.
Rh2 Re8 55. Qh3 Qd4 56. Be2 Qa1+ 57. Kg2 Qxa2 58. Qh6+ Kf6 59. Qf4+ Kg7 60.
Qd4+ f6 61. Kg3 Qa5 62. Qh4 Qe1+ 63. Kf3 f5 1/2-1/2

[Event "International Championship of Central S"]
[Site "Paracin"]
[Date "2012.07.12"]
[Round "8.7"]
[White "Stojanovski, Dejan"]
[Black "Cvitan, Ognjen"]
[Result "1-0"]
[WhiteElo "2430"]
[BlackElo "2538"]
[PlyCount "40"]
[EventDate "2012.??.??"]

1. e4 c6 2. d4 d5 3. Nd2 dxe4 4. Nxe4 Bf5 5. Ng3 Bg6 6. h4 h6 7. Nf3 Nd7 8. h5
Bh7 9. Bd3 Bxd3 10. Qxd3 Ngf6 11. Bf4 Qa5+ 12. Bd2 Qc7 13. O-O-O e6 14. Ne4
O-O-O 15. g3 Nxe4 16. Qxe4 Nf6 17. Qe2 Bd6 18. c4 c5 19. Bc3 cxd4 20. Nxd4 a6
1-0

[Event "International Championship of Central Se"]
[Site "Paracin, hotel "]
[Date "2012.07.12"]
[Round "8.8"]
[White "Savic, Miodrag R"]
[Black "Kislik, Erik Andrew"]
[Result "1-0"]
[WhiteElo "2517"]
[BlackElo "2408"]
[PlyCount "97"]
[EventDate "2012.07.06"]

1. e4 e6 2. d4 d5 3. e5 c5 4. c3 Nc6 5. Nf3 Qb6 6. a3 Nh6 7. b4 cxd4 8. cxd4
Nf5 9. Bb2 Bd7 10. Be2 h5 11. h3 Rc8 12. O-O Be7 13. Qd2 a6 14. Rd1 Na7 15. Nc3
g6 16. Rac1 h4 17. Bd3 Kf8 18. Ne2 Bb5 19. Rxc8+ Nxc8 20. Bb1 Qd8 21. Bc1 Nb6
22. Nc3 Nc4 23. Qf4 Bc6 24. Nh2 Rh5 25. Qf3 b5 26. Ne2 a5 27. Ng4 axb4 28. axb4
Bxb4 29. Nf6 Rh8 30. Bg5 Be7 31. Qf4 Kg7 32. Qg4 Ncd6 33. Rc1 Ba8 34. exd6 Bxf6
35. Bxf6+ Qxf6 36. Nf4 Nxd6 37. Rc7 Nf5 38. Ra7 Bc6 39. Rc7 Be8 40. Rc8 Bd7 41.
Rc7 Qd8 42. Ra7 Ne7 43. Bd3 b4 44. Rb7 Bc8 45. Ra7 Kf8 46. Qg5 Qe8 47. Bxg6 Bd7
48. Qf6 Rh6 49. Rxd7 1-0

[Event "International Championship of Central Se"]
[Site "Paracin, hotel "]
[Date "2012.07.12"]
[Round "8.9"]
[White "Drenchev, Petar"]
[Black "Kholopov, Alexander A"]
[Result "1/2-1/2"]
[WhiteElo "2506"]
[BlackElo "2289"]
[PlyCount "78"]
[EventDate "2012.07.06"]

1. d4 Nf6 2. c4 g6 3. Nc3 d5 4. Nf3 Bg7 5. Qb3 dxc4 6. Qxc4 O-O 7. e4 a6 8. e5
Nfd7 9. e6 Nb6 10. exf7+ Rxf7 11. Qb3 e6 12. Be3 Nc6 13. Rd1 Nd5 14. Be2 Nxe3
15. fxe3 Bh6 16. e4 b5 17. d5 exd5 18. Nxd5 Be6 19. O-O Qe8 20. a4 Bxd5 21.
Qxd5 Rd8 22. Qa2 Rxd1 23. Bxd1 Kh8 24. axb5 axb5 25. Qd5 Be3+ 26. Kh1 Nd4 27.
e5 Nxf3 28. Bxf3 Rf5 29. Be2 c6 30. Qe4 Rxf1+ 31. Bxf1 Qf7 32. Qf3 Qxf3 33.
gxf3 Bd4 34. e6 Kg7 35. b3 Kf6 36. Bd3 Kxe6 37. h4 Bf6 38. h5 gxh5 39. Bxh7 Ke5
1/2-1/2

[Event "International Championship of Central Se"]
[Site "Paracin, hotel "]
[Date "2012.07.12"]
[Round "8.10"]
[White "Tosic, Srecko"]
[Black "Matsenko, Sergei"]
[Result "0-1"]
[WhiteElo "2367"]
[BlackElo "2460"]
[PlyCount "104"]
[EventDate "2012.07.06"]

1. d4 d5 2. Bf4 Nf6 3. e3 c5 4. c3 Nc6 5. Nd2 g6 6. Bd3 Qb6 7. Rb1 Bg7 8. h3
O-O 9. Ngf3 Nd7 10. O-O e5 11. dxe5 Ndxe5 12. Bc2 h6 13. Nxe5 Nxe5 14. Nf3 Nc6
15. Qd2 Be6 16. Bb3 Rfd8 17. Qe2 a5 18. Ba4 d4 19. exd4 cxd4 20. Bxc6 Qxc6 21.
Nxd4 Bxd4 22. cxd4 Bc4 23. Qd2 Bxf1 24. Rxf1 g5 25. Be3 Qd5 26. f4 gxf4 27.
Rxf4 Ra6 28. Qf2 Rg6 29. a3 a4 30. Rf5 Qe4 31. Re5 Qc6 32. Rc5 Qe6 33. Kh1 Rd5
34. Rxd5 Qxd5 35. Bf4 Qf5 36. Qe3 Re6 37. Qg3+ Qg6 38. Qf3 Qe4 39. Qg3+ Kh7 40.
Kh2 Qxd4 41. Bb8 Qxb2 42. Qf4 Qg7 43. Qxa4 Re2 44. Bg3 Qg6 45. Qc4 Qe6 46. Qf4
Qd5 47. Qf1 Ra2 48. Bf4 Rxa3 49. Bxh6 Ra2 50. Bf4 b5 51. Kh1 b4 52. Be5 Kg8 0-1

[Event "International Championship of Central Se"]
[Site "Paracin, hotel "]
[Date "2012.07.12"]
[Round "8.11"]
[White "Arsovic, Zoran"]
[Black "Nestorovic, Lazar"]
[Result "1/2-1/2"]
[WhiteElo "2443"]
[BlackElo "2381"]
[PlyCount "117"]
[EventDate "2012.07.06"]

1. Nf3 g6 2. e4 Bg7 3. d4 d6 4. c4 e6 5. Be2 Ne7 6. Nc3 Nd7 7. O-O O-O 8. Qc2
b6 9. Be3 c6 10. Rfd1 Bb7 11. Bf4 d5 12. Rac1 Nf6 13. Ne5 Nxe4 14. Nxe4 dxe4
15. Qxe4 f6 16. Nf3 Qd7 17. c5 Nd5 18. Bd6 Rf7 19. Re1 bxc5 20. Bxc5 Bf8 21.
Bf1 Bxc5 22. dxc5 e5 23. Nd2 Re7 24. Qh4 f5 25. Nc4 e4 26. Nd6 a5 27. f3 e3 28.
Bc4 Ba6 29. Bxd5+ cxd5 30. Qd4 Qe6 31. Rc3 e2 32. Ra3 Qe5 33. Qxe5 Rxe5 34.
Rxa5 d4 35. Nc4 d3 36. Nd2 Bb7 37. Rxa8+ Bxa8 38. b4 Bd5 39. a4 Re8 40. Kf2 Ra8
41. a5 Bc6 42. Rc1 Rb8 43. Rb1 Bb5 44. Ke1 g5 45. Rb2 Kf7 46. Nb1 g4 47. fxg4
fxg4 48. Nc3 Bc4 49. b5 Ke6 50. Rb4 Rf8 51. Nxe2 Kd5 52. Ng3 Kxc5 53. Rb2 Bxb5
54. Ne4+ Kd4 55. Rxb5 Kxe4 56. Rb7 Ra8 57. Re7+ Kd4 58. Rd7+ Ke4 59. Re7+
1/2-1/2

[Event "International Championship of Central Se"]
[Site "Paracin, hotel "]
[Date "2012.07.12"]
[Round "8.12"]
[White "Kadric, Denis"]
[Black "Nestorovic, Nikola"]
[Result "0-1"]
[WhiteElo "2420"]
[BlackElo "2436"]
[PlyCount "116"]
[EventDate "2012.07.06"]

1. e4 e5 2. Nf3 Nc6 3. Nc3 Nf6 4. Bb5 Bb4 5. O-O O-O 6. d3 d6 7. Bg5 Ne7 8. Nh4
c6 9. Bc4 d5 10. Bb3 Qd6 11. f4 Qc5+ 12. Kh1 Ng4 13. fxe5 Nf2+ 14. Rxf2 Qxf2
15. exd5 Bxc3 16. Bxe7 Re8 17. d6 Bxb2 18. Qf1 Qxf1+ 19. Rxf1 Be6 20. Bxe6 fxe6
21. Nf3 Bc3 22. Bh4 Rf8 23. Bg3 b5 24. Rb1 h6 25. d4 b4 26. Rd1 Rab8 27. h4 Rb5
28. Rd3 Ra5 29. h5 Rxa2 30. d5 cxd5 31. Nd4 Bxd4 32. Rxd4 a5 33. d7 Rd8 34.
Rxd5 Rxc2 35. Bh4 Rxd7 36. Rxd7 b3 37. Rd8+ Kh7 38. Rb8 b2 39. Kh2 Rc4 40. Rxb2
Rxh4+ 41. Kg3 Rxh5 42. Rb5 a4 43. Ra5 Kg6 44. Kf3 Rf5+ 45. Ke4 Rg5 46. Kf3 Kf5
47. Rxa4 Kxe5 48. g4 Kf6 49. Rf4+ Ke7 50. Ra4 Rb5 51. Kf4 Kf6 52. Rc4 Rb3 53.
Rc1 g5+ 54. Ke4 Rg3 55. Rf1+ Kg6 56. Ke5 Rxg4 57. Kxe6 Re4+ 58. Kd5 Re2 0-1

[Event "International Championship of Central Se"]
[Site "Paracin, hotel "]
[Date "2012.07.12"]
[Round "8.13"]
[White "Nestorovic, Dejan"]
[Black "Abramovic, Bosko"]
[Result "1-0"]
[WhiteElo "2404"]
[BlackElo "2470"]
[PlyCount "115"]
[EventDate "2012.07.06"]

1. d4 d5 2. c4 e6 3. Nc3 Be7 4. Nf3 Nf6 5. Bg5 Nbd7 6. cxd5 exd5 7. e3 c6 8.
Bd3 Ne4 9. Bf4 Ndf6 10. Qc2 Bf5 11. O-O Bg6 12. h3 Nd6 13. Bxg6 hxg6 14. Ne5
O-O 15. f3 Rc8 16. Rad1 a6 17. e4 Nb5 18. Be3 Qc7 19. Bf2 Rfd8 20. Rfe1 Nxc3
21. bxc3 c5 22. Qb1 b5 23. Re2 b4 24. cxb4 cxb4 25. Nd3 dxe4 26. fxe4 Qb7 27.
d5 a5 28. Ne5 a4 29. Nc6 Re8 30. Qd3 Bf8 31. Bd4 Rxc6 32. dxc6 Qxc6 33. Bxf6
gxf6 34. Qd5 Qb6+ 35. Kh1 Re5 36. Qd7 Qa6 37. Rc2 Rc5 38. Rxc5 Bxc5 39. Qc7 Bf8
40. Qc2 Qb5 41. Qd3 Qc5 42. Rf1 Kg7 43. Qd5 Qc3 44. Qb5 a3 45. Qd5 Bc5 46. Rd1
Qe3 47. Qd3 Qf2 48. Qd2 Qg3 49. Qd3 Qf4 50. Rf1 Qe5 51. Rd1 Ba7 52. Qd5 Qf4 53.
Qd2 Qxe4 54. Re1 Qd4 55. Qxd4 Bxd4 56. Re4 Bc3 57. Rc4 b3 58. Rxc3 1-0

[Event "International Championship of Central Se"]
[Site "Paracin, hotel "]
[Date "2012.07.12"]
[Round "8.14"]
[White "Irizanin, Radoje"]
[Black "Del Rio De Angelis, Salvador G"]
[Result "1/2-1/2"]
[WhiteElo "2344"]
[BlackElo "2547"]
[PlyCount "61"]
[EventDate "2012.07.06"]

1. d4 d6 2. Nf3 Bg4 3. Nbd2 Nf6 4. h3 Bh5 5. e4 e6 6. Bd3 Be7 7. O-O O-O 8. Re1
c5 9. d5 exd5 10. exd5 Nbd7 11. c4 Ne5 12. Be2 Bg6 13. Nf1 Nfd7 14. Be3 Nxf3+
15. Bxf3 Bf6 16. Qd2 Qb6 17. Bg4 Rfd8 18. Bxd7 Rxd7 19. Re2 Qa6 20. Rae1 Qxc4
21. Bd4 Be5 22. Bxe5 dxe5 23. Rxe5 f6 24. Re7 Rxd5 25. Qa5 b6 26. Rxa7 bxa5 27.
Rxa8+ Kf7 28. Ra7+ Kf8 29. Ra8+ Kf7 30. Ra7+ Kf8 31. Ra8+ 1/2-1/2

[Event "International Championship of Central Se"]
[Site "Paracin, hotel "]
[Date "2012.07.12"]
[Round "8.15"]
[White "Lajthajm, Borko"]
[Black "Lukovic, Vladimir"]
[Result "1-0"]
[WhiteElo "2492"]
[BlackElo "2329"]
[PlyCount "103"]
[EventDate "2012.07.06"]

1. e4 e5 2. Nf3 Nc6 3. Bb5 a6 4. Ba4 Nf6 5. d3 b5 6. Bb3 Be7 7. Bd5 Nxd5 8.
exd5 Nb4 9. Nxe5 Bf6 10. O-O Nxd5 11. Nxf7 Kxf7 12. Qh5+ Kf8 13. Qxd5 c6 14.
Qf3 d5 15. Bg5 h6 16. Bxf6 Qxf6 17. Qxf6+ gxf6 18. Nc3 Bf5 19. f3 Rd8 20. Ne2
c5 21. Nf4 Kf7 22. Rfe1 d4 23. a4 Ra8 24. g4 Bd7 25. axb5 axb5 26. Kf2 Rhe8 27.
Ne2 b4 28. b3 f5 29. gxf5 Bxf5 30. Ng3 Bh7 31. Rxa8 Rxa8 32. Ne4 Bxe4 33. fxe4
Ra2 34. Re2 Ra1 35. Re1 Ra2 36. Rc1 c4 37. dxc4 d3 38. Ke3 dxc2 39. c5 Rb2 40.
Kd4 Rxb3 41. Rxc2 Ke7 42. Kc4 Rb1 43. Kb5 b3 44. Rc3 b2 45. Rc2 Kd8 46. Kb6 Kc8
47. Re2 h5 48. e5 h4 49. e6 Rd1 50. Rxb2 Rd8 51. c6 Re8 52. Ra2 1-0

[Event "International Championship of Central Se"]
[Site "Paracin, hotel "]
[Date "2012.07.12"]
[Round "8.16"]
[White "Selbes, Tarik"]
[Black "Martic, Ivan"]
[Result "1-0"]
[WhiteElo "2257"]
[BlackElo "2402"]
[PlyCount "63"]
[EventDate "2012.07.06"]

1. e4 c5 2. Nf3 d6 3. d4 cxd4 4. Nxd4 Nf6 5. Nc3 Nc6 6. Bc4 e6 7. Be3 a6 8. Qe2
Qc7 9. O-O-O Be7 10. Bb3 Na5 11. g4 Nxb3+ 12. axb3 b5 13. g5 Nd7 14. f4 b4 15.
Nd5 exd5 16. Nf5 Bf8 17. exd5 Kd8 18. Rhe1 Qa5 19. Bf2 Kc7 20. Qe8 Bb7 21. Qxf7
g6 22. Rd4 Rd8 23. Rc4+ Kb8 24. Re8 Bc8 25. Nd4 Kb7 26. Nc6 Qa1+ 27. Kd2 Rxe8
28. Rxb4+ Kc7 29. Bb6+ Kb7 30. Bd8+ Ka8 31. Rb8+ Nxb8 32. Qa7# 1-0

[Event "International Championship of Central Se"]
[Site "Paracin, hotel "]
[Date "2012.07.12"]
[Round "8.17"]
[White "Battey, Alexander"]
[Black "Doric, Nenad"]
[Result "1/2-1/2"]
[WhiteElo "2396"]
[BlackElo "2330"]
[PlyCount "71"]
[EventDate "2012.07.06"]

1. d4 d5 2. c4 c6 3. Nc3 Nf6 4. cxd5 cxd5 5. Bf4 Nc6 6. e3 Bf5 7. Qb3 Na5 8.
Qa4+ Bd7 9. Bb5 Bc6 10. Nf3 a6 11. Bxc6+ Nxc6 12. Qb3 e6 13. h3 Be7 14. O-O O-O
15. Ne5 Nd7 16. Nxc6 bxc6 17. Na4 c5 18. dxc5 Nxc5 19. Nxc5 Bxc5 20. Rfc1 Bd6
21. Bxd6 Qxd6 22. Qc3 Rfb8 23. Rc2 a5 24. Rd1 Qb4 25. Qxb4 Rxb4 26. Rdc1 g5 27.
Rc8+ Rxc8 28. Rxc8+ Kg7 29. Rc2 f5 30. b3 a4 31. Rc7+ Kf6 32. Rxh7 axb3 33.
axb3 f4 34. h4 fxe3 35. hxg5+ Kxg5 36. fxe3 1/2-1/2

[Event "International Championship of Central Se"]
[Site "Paracin, hotel "]
[Date "2012.07.12"]
[Round "8.18"]
[White "Dimitrijevic, Radmilo"]
[Black "Andrijevic, Milan"]
[Result "1/2-1/2"]
[WhiteElo "2236"]
[BlackElo "2345"]
[PlyCount "57"]
[EventDate "2012.07.06"]

1. e4 c5 2. Nf3 e6 3. d4 cxd4 4. Nxd4 a6 5. Bd3 Nf6 6. O-O e5 7. Nb3 d6 8. c4
Be7 9. Nc3 Be6 10. Qe2 O-O 11. Be3 Nbd7 12. Nd5 Bxd5 13. cxd5 Rc8 14. Rfc1
Rxc1+ 15. Rxc1 Qb8 16. Qc2 Bd8 17. h3 Bb6 18. Bxb6 Nxb6 19. Qc7 Na4 20. Qxb8
Rxb8 21. Rc2 Kf8 22. Kf1 Ke8 23. Ke2 Kd7 24. Na5 Nc5 25. Ke3 Rc8 26. b4 Nxd3
27. Rxc8 Kxc8 28. Kxd3 Nd7 29. Nc4 1/2-1/2

[Event "International Championship of Central Se"]
[Site "Paracin, hotel "]
[Date "2012.07.12"]
[Round "8.19"]
[White "Miljkovic, Miroslav D"]
[Black "Banovic, Ivan"]
[Result "1-0"]
[WhiteElo "2463"]
[BlackElo "2072"]
[PlyCount "67"]
[EventDate "2012.07.06"]

1. d4 Nf6 2. c4 g6 3. Nc3 Bg7 4. e4 d6 5. h3 O-O 6. Bg5 c5 7. d5 b5 8. cxb5 a6
9. a4 Qa5 10. Bd2 Nbd7 11. Nf3 axb5 12. Bxb5 Ba6 13. O-O Rfb8 14. Re1 Bxb5 15.
Nxb5 Qb6 16. Bc3 Qb7 17. b3 Nb6 18. Nd2 Ne8 19. Bxg7 Kxg7 20. Rc1 Nc7 21. Na3
Na6 22. Qf3 Nd7 23. Nac4 f6 24. h4 Nb4 25. h5 Rf8 26. Re3 Ne5 27. Qg3 Rae8 28.
f4 Nxc4 29. Nxc4 Rd8 30. Qh4 Rd7 31. Rg3 Qb8 32. hxg6 hxg6 33. Rxg6+ Kxg6 34.
f5+ 1-0

[Event "International Championship of Central Se"]
[Site "Paracin, hotel "]
[Date "2012.07.12"]
[Round "8.20"]
[White "Desnica, Vladan"]
[Black "Zlatanovic, Boroljub"]
[Result "0-1"]
[WhiteElo "2225"]
[BlackElo "2428"]
[PlyCount "120"]
[EventDate "2012.07.06"]

1. d4 g6 2. c4 Bg7 3. e4 d6 4. Nc3 e5 5. d5 f5 6. exf5 Bxf5 7. Bd3 Bxd3 8. Qxd3
Na6 9. Be3 Bh6 10. Nf3 Bxe3 11. Qxe3 Ne7 12. O-O Nf5 13. Qd2 h6 14. Ne1 g5 15.
Nd3 O-O 16. Ne4 b6 17. a3 Nb8 18. b4 Nd7 19. f3 Nf6 20. Ng3 Nd4 21. Rae1 a5 22.
b5 Qd7 23. Ne2 Nf5 24. Ng3 Nh4 25. Nf2 Rf7 26. Nfe4 Nh7 27. a4 Ng6 28. Qe3 Raf8
29. Ne2 Nf6 30. Nxf6+ Rxf6 31. Ng3 Rf4 32. Ne4 Nh4 33. Rf2 g4 34. fxg4 Qxg4 35.
Qg3 Qxg3 36. hxg3 Rxf2 37. Nxf2 Nf5 38. Ne4 Kg7 39. Re2 Nd4 40. Re3 Nf5 41. Re1
Kg6 42. Kh2 Ng7 43. Kg1 Ne8 44. Re3 Rf5 45. Rf3 Nf6 46. Nxf6 Kxf6 47. Kf2 Kg5
48. Ke2 Kg4 49. Re3 h5 50. Rc3 Rf7 51. Re3 Rf8 52. Rc3 e4 53. Ra3 Re8 54. Re3
Kf5 55. Kd2 Rg8 56. Kc2 Ke5 57. Kc3 Rg4 58. Kc2 Kd4 59. Kd2 Rg7 60. Rc3 h4 0-1

[Event "International Championship of Central Se"]
[Site "Paracin, hotel "]
[Date "2012.07.12"]
[Round "8.21"]
[White "Ratkovic, Milovan"]
[Black "Pantelic, Sasa"]
[Result "1-0"]
[WhiteElo "2214"]
[BlackElo "2362"]
[PlyCount "48"]
[EventDate "2012.07.06"]

1. d4 g6 2. c4 Bg7 3. Nc3 d6 4. e4 Nc6 5. Be3 e5 6. Nge2 Nf6 7. f3 O-O 8. d5
Ne7 9. g4 c5 10. Qd2 a6 11. Ng3 Qa5 12. h4 Rb8 13. h5 b5 14. hxg6 fxg6 15. Qh2
Kf7 16. g5 Nd7 17. Nf5 Nxf5 18. exf5 Rh8 19. f6 Bf8 20. Bh3 Nb6 21. Bxc8 Rxc8
22. Qh3 Re8 23. Qxh7+ Rxh7 24. Rxh7+ Bg7 1-0

[Event "International Championship of Central Se"]
[Site "Paracin, hotel "]
[Date "2012.07.12"]
[Round "8.22"]
[White "Chandra, Akshat"]
[Black "Brankovic, Dejan"]
[Result "1/2-1/2"]
[WhiteElo "2179"]
[BlackElo "2349"]
[PlyCount "71"]
[EventDate "2012.07.06"]

1. e4 c5 2. Nf3 Nc6 3. d4 cxd4 4. Nxd4 g6 5. Nc3 Bg7 6. Be3 Nf6 7. Bc4 d6 8. h3
O-O 9. Bb3 Na5 10. O-O a6 11. f4 Qc7 12. Qd3 b5 13. a3 Bb7 14. Rae1 e5 15. Nde2
Nxb3 16. cxb3 Nxe4 17. Nxe4 Qc6 18. N2g3 f5 19. Qxd6 exf4 20. Bc5 Rfc8 21. Qxf4
fxe4 22. b4 Re8 23. Rf2 Rad8 24. Nf1 e3 25. Rxe3 Rxe3 26. Nxe3 h5 27. Nf1 Kh7
28. Nd2 Qe6 29. Nf3 Rd1+ 30. Rf1 Rxf1+ 31. Kxf1 Bxf3 32. Qxf3 Bxb2 33. Qb7+ Kg8
34. Qb8+ Kh7 35. Qc7+ Kg8 36. Qd8+ 1/2-1/2

[Event "International Championship of Central Se"]
[Site "Paracin, hotel "]
[Date "2012.07.12"]
[Round "8.23"]
[White "Nenezic, Marko"]
[Black "Tscharotschkin, Michael"]
[Result "1/2-1/2"]
[WhiteElo "2346"]
[BlackElo "2176"]
[PlyCount "137"]
[EventDate "2012.07.06"]

1. d4 d5 2. c4 c5 3. cxd5 Nf6 4. e4 Nxe4 5. dxc5 Nxc5 6. Nc3 Nba6 7. Nf3 g6 8.
Qd4 f6 9. Bc4 e5 10. dxe6 Bxe6 11. Bxe6 Nxe6 12. Qc4 Kf7 13. O-O Rc8 14. Qe2
Bd6 15. Rd1 Rc6 16. Be3 Re8 17. Rd2 Qb8 18. Rad1 Be7 19. Nb5 Nac5 20. Qc4 a6
21. Nbd4 Rcc8 22. Nxe6 Nxe6 23. Qb3 b5 24. Rd7 Red8 25. g3 Rxd7 26. Rxd7 Rd8
27. Ra7 Qc8 28. a4 Rd7 29. axb5 Rxa7 30. Bxa7 axb5 31. Qxb5 Qc7 32. Nd4 Qxa7
33. Nxe6 Qa1+ 34. Kg2 Qa8+ 35. Kg1 Kxe6 36. Qc4+ Kd7 37. Qf7 Qa1+ 38. Kg2 Qxb2
39. Qxh7 Qb7+ 40. Kg1 Qb1+ 41. Kg2 Qe4+ 42. Kg1 Kc6 43. Qg7 Kd7 44. Qf7 g5 45.
h3 Qd4 46. Qh5 Bc5 47. Qf3 Kd6 48. Kf1 Ke6 49. Kg1 Kf7 50. Kf1 Kg6 51. Kg1 Qe5
52. Kg2 Qf5 53. Qe2 Qd5+ 54. Kh2 Qd4 55. Kg2 Kg7 56. Qf3 Bb6 57. Qf5 Qc5 58.
Qf3 f5 59. Kg1 Kf6 60. Kg2 Ke6 61. Kg1 Qc1+ 62. Kg2 Qc2 63. Kf1 Qc4+ 64. Kg1
Qb4 65. Qc6+ Ke5 66. Qe8+ Kf6 67. Qh8+ Ke6 68. Qg8+ Ke5 69. Qe8+ 1/2-1/2

[Event "International Championship of Central Se"]
[Site "Paracin, hotel "]
[Date "2012.07.12"]
[Round "8.24"]
[White "Marjanovic, Dejan"]
[Black "Ardeleanu, Alin"]
[Result "0-1"]
[WhiteElo "2169"]
[BlackElo "2335"]
[PlyCount "121"]
[EventDate "2012.07.06"]

1. e4 c5 2. Nf3 d6 3. d4 cxd4 4. Nxd4 Nf6 5. Nc3 a6 6. Be2 e5 7. Nb3 Be7 8. g4
Be6 9. g5 Nfd7 10. Bg4 Nf8 11. h4 Nbd7 12. Be3 Rc8 13. Bxe6 Nxe6 14. Nd5 Nc7
15. c3 Nxd5 16. Qxd5 Qc7 17. h5 Nb6 18. Bxb6 Qxb6 19. Qd2 Rc4 20. Qe2 Ra4 21.
O-O-O Rxa2 22. Kc2 Bxg5 23. Rd5 Ke7 24. Rhd1 Rd8 25. c4 Ke8 26. c5 Qb4 27. cxd6
Kf8 28. Rc5 Ra4 29. f3 Qb6 30. Qd3 Rd4 31. Qc3 Rxd1 32. Kxd1 Rxd6+ 33. Kc2 Bf6
34. f4 Rc6 35. fxe5 Be7 36. Rc4 Qf2+ 37. Nd2 Rxc4 38. Qxc4 Qc5 39. Kd3 Qxc4+
40. Nxc4 Bb4 41. Ne3 Ke8 42. Kc4 Bf8 43. Kd5 Kd7 44. Ng2 g6 45. Nf4 Bh6 46.
hxg6 hxg6 47. e6+ Ke7 48. Nd3 fxe6+ 49. Kd4 Kd6 50. e5+ Kc6 51. Nf2 a5 52. Ne4
a4 53. Nf2 Bd2 54. Nd3 g5 55. Nf2 b6 56. Kc4 Be3 57. Ng4 Bf4 58. Kb4 b5 59. b3
Bd2+ 60. Ka3 axb3 61. Kxb3 0-1

[Event "International Championship of Central Se"]
[Site "Paracin, hotel "]
[Date "2012.07.12"]
[Round "8.25"]
[White "Skovgaard, Peter"]
[Black "Vucinic, Gojko"]
[Result "1-0"]
[WhiteElo "2306"]
[BlackElo "2150"]
[PlyCount "105"]
[EventDate "2012.07.06"]

1. e4 c5 2. c3 e6 3. d4 a6 4. Nf3 d5 5. e5 Bd7 6. Bd3 cxd4 7. cxd4 Bb5 8. Bc2
Bb4+ 9. Bd2 a5 10. Nc3 Ba6 11. Ne2 Qb6 12. O-O Bxd2 13. Qxd2 Nc6 14. Rfe1 Qxb2
15. a3 Qb6 16. Nf4 Nge7 17. Rab1 Qc7 18. Nh5 O-O-O 19. Ng5 g6 20. Nf6 Ng8 21.
Ba4 h6 22. Bxc6 hxg5 23. Bxb7+ Bxb7 24. Rec1 Bc6 25. Rxc6 Qxc6 26. Rc1 Ne7 27.
Qxg5 Kb7 28. Rxc6 Nxc6 29. Qf4 Kc7 30. Ng4 Rhf8 31. h4 Rb8 32. Ne3 Rb3 33.
Nxd5+ exd5 34. e6+ Kb6 35. Qh6 fxe6 36. Qxf8 Nxd4 37. Qb8+ Kc6 38. Qe8+ Kc5 39.
Qxg6 Nb5 40. h5 d4 41. h6 Nc3 42. h7 Rb8 43. Qxe6 Nd5 44. Qe5 Rc8 45. h8=Q Rxh8
46. Qxh8 d3 47. Qb2 Kc4 48. Kf1 Nf4 49. Qc1+ Kb3 50. Qxf4 Kxa3 51. Qe3 Kb2 52.
Qxd3 a4 53. Qb5+ 1-0

[Event "International Championship of Central Se"]
[Site "Paracin, hotel "]
[Date "2012.07.12"]
[Round "8.26"]
[White "Popovic, Aleksandar M"]
[Black "Kacakovski, Dimitar"]
[Result "1-0"]
[WhiteElo "2288"]
[BlackElo "2122"]
[PlyCount "93"]
[EventDate "2012.07.06"]

1. e4 e5 2. Nf3 Nc6 3. Bc4 Nf6 4. d3 Bc5 5. Nbd2 d6 6. c3 a5 7. Nf1 h6 8. h3
O-O 9. Be3 Ba7 10. Bxa7 Rxa7 11. Ng3 d5 12. exd5 Nxd5 13. O-O Nf4 14. Re1 Qf6
15. Re3 g5 16. Bb5 Rd8 17. Qa4 Ne7 18. Qe4 Neg6 19. Nxe5 Nxe5 20. Qxe5 Qxe5 21.
Rxe5 c6 22. Ba4 Be6 23. d4 Bd5 24. f3 Nd3 25. Re2 b5 26. Bb3 Bc4 27. Nf5 Kh7
28. Rd2 Bxb3 29. axb3 Nf4 30. g3 Kg6 31. Ne3 Nh5 32. Kf2 f5 33. g4 Ng7 34.
gxf5+ Nxf5 35. Ng4 Re7 36. Rc2 Re6 37. Rxa5 Nh4 38. Re2 Rde8 39. Rxe6+ Rxe6 40.
Ne5+ Kf5 41. Ra7 Rd6 42. Rc7 Ng6 43. Nf7 Rf6 44. Nxh6+ Kf4 45. Ng4 Rf8 46. Rxc6
Nh4 47. Ne5 1-0

[Event "International Championship of Central Se"]
[Site "Paracin, hotel "]
[Date "2012.07.12"]
[Round "8.28"]
[White "Gevorgyan, Maria"]
[Black "Mladenovic, Stefan"]
[Result "0-1"]
[WhiteElo "2040"]
[BlackElo "2236"]
[PlyCount "57"]
[EventDate "2012.07.06"]

1. e4 c5 2. Nf3 d6 3. d4 cxd4 4. Nxd4 Nf6 5. f3 g6 6. c4 Bg7 7. Nc3 O-O 8. Be3
Nc6 9. Qd2 Bd7 10. Be2 Nxd4 11. Bxd4 Bc6 12. g4 Nd7 13. Bxg7 Kxg7 14. h4 h6 15.
Nd1 Qb6 16. b4 Ne5 17. Ne3 a6 18. b5 axb5 19. cxb5 Bxb5 20. Rb1 Rxa2 21. Qxa2
Qxe3 22. Kd1 Nd3 23. Rh2 Rc8 24. Bxd3 Bxd3 25. Ra1 Qxf3+ 26. Kd2 Rc2+ 27. Qxc2
Bxc2 28. Kxc2 Qxe4+ 29. Kb3 0-1